00754nam a22002417a 450000500170000001000130001702000230003003500130005303700160006604000120008208200130009424500550010726000390016227000430020130000200024450000060026465000220027065000220029270000330031494200220034799900190036995201240038820170124110046.0 aA-414554 c145.00a8185148325 aA-414554 bCen Lib/Ret aDPLbEN a841bPIC aPick of mir /ctranslated by Rajinder Singh Verma  aNew DelhibEnkay Publishers c1989 bNew DelhiaMicha Marg Shopping Centre  a216p.c21cm(Hb) a  aLiterature 96262 aCriticsm 9101186 aVerma, Rajinder Singh924633 2ddccENh841mPIC c128858d128858 00104070aLbLd2015-07-03eCen Lib/Retg145.00l0o841 PICpA-414554r2015-07-03 00:00:00t1v145.00w2015-07-03yEN